00961nam a2200205 i 4500001001000000003000900010005001700019008004100036040003000077041000800107082002000115100004300135245006600178264004500244300002700289336002700316337003300343338002800376505035100404000038539DO-SdBNP20260210105032.0260210s dr ac r 000 0 spa d aDO-SdBNPbspacBNPHUerda aspa axxxxbM516p222 aMejía-Ricart Guzmán, Marcioeautor10aProceso electoral y boleta única /cMarcio Mejía-Ricart G aSanto Domingo :bEditora Corripio,c1985 a94 páginas ;c24 cm. ardacontentbtexto2txt ardamediabsin mediación2n ardacarrierbvolumen2nc aIntroducción 11|Listado de experiencias según eje temático 19|Listado de experiencias por país 27|Gestión escolar 37|Mejoría de la calidad y equidad de la educación 73|Evaluación de los aprendizajes 165|Financiamiento de la educación 181|Fortalecimiento de la profesión docente 203|Uso de tecnologías educativas de punta 241